عرض عادي
عرض مارك
- الفكاهة والنوادر
دخول Topical Term
001 - CONTROL NUMBER
- control field: 25443
003 - CONTROL NUMBER IDENTIFIER
- control field: AE-AdECS
005 - DATE AND TIME OF LATEST TRANSACTION
- control field: 20260123091009.0
008 - FIXED-LENGTH DATA ELEMENTS
- fixed length control field: 260123|| aca||aabn | a|a d
040 ## - CATALOGING SOURCE
- Original cataloging agency: AE-AdECS
- Transcribing agency: AE-AdECS
150 ## - HEADING--TOPICAL TERM
- Topical term or geographic name entry element: الفكاهة والنوادر
670 ## - SOURCE DATA FOUND
- Source citation: Work cat.: (AE-AdECS)293832: عطيات، أحمد محمد مؤلف. 5239, سرعة البديهة :
